| 000 | 00755 a2200193 4500 | ||
|---|---|---|---|
| 003 | NUST | ||
| 005 | 20251219142359.0 | ||
| 040 | _cNust | ||
| 082 | _a621.382,ALI | ||
| 100 |
_aNC Cheema Muhammad Hamza (TE-48) _9132500 |
||
| 245 |
_aTraffic violation detection and notification system / _cNC Muhammad Hamza Cheema, NC Samar Ali Khan and NC Ahmad Usman. |
||
| 260 |
_aRawalpindi _bMCS (NUST) _cJune-2015 |
||
| 300 | _axiv; 61p.; | ||
| 505 | _aIntroduction (Page-1), Literature Review (Page-7), System Design and Development (Page-12), Project Analysis and Evaluation (Page-29), Future Work and Conclusion (Page-40). | ||
| 650 |
_aUG Project _9131132 |
||
| 651 | _aTE-48 | ||
| 700 |
_aSupervised by Dr. Adil Masood Siddique _9132501 |
||
| 942 |
_cPR _2ddc |
||
| 999 |
_c217257 _d217257 |
||